00937 2200313 4500001002100000005001500021035002500036007000300061008004100064020002200105040001700127041000800144082002100152084002300173090002700196090002200223100004500245245005600290250001100346260004100357300004900398500001100447504003300458650005400491850001200545999002200557990002200579990002200601INLIS00000000003358120191011100404 a0010-021800000000307ta180219s2017 yoia g f 1 0 ind d a978-602-229-770-3 aYOPDYOGbind0 aind04223a658.31240407 a658.31240407 EKO e aDEP 658.31240407 EKO e aCB-D.11 2017-12751 aEko Putro Widoyoko, S.d1961-ePengarang0 aEvaluasi program pelatihan /cS. Eko Putro Widoyoko aCet. 13 aYogyakarta :bPustaka Pelajar,c2017 aix, 290 halaman :bilustrasi, tabel ;c23 cm aIndeks aBibliografi: halaman 271-280 4aPegawai--vPenelitian--xPendidikan dan Pelatihan aYOPDYOG aCB-D.11/2017-1275 aCB-D.11/2017-1275 aCB-D.11/2017-1275